Engineering Mechanics 2006
Uložené v:
| Korporativný autor: | |
|---|---|
| Médium: | Konferenčný príspevok.. Kniha |
| Jazyk: | English |
| Vydavateľské údaje: |
Prague :
Institute of Theoretical and Applied Mechanics Academy of Sciences of the Czech Republic,
2006
|
| Predmet: | |
| Tagy: |
Žiadne tagy, Buďte prvý, kto otaguje tento záznam!
|
MARC
| LEADER | 00000nam a22000003a 4500 | ||
|---|---|---|---|
| 001 | stu118898 | ||
| 005 | 20150408182330.7 | ||
| 008 | 060526s2006----xr------------------eng-d | ||
| 020 | |a 80-86246-27-2 | ||
| 040 | |a STU |b slo | ||
| 041 | 0 | |a eng | |
| 044 | |a xr | ||
| 080 | |a 531/534 |7 stu_us_auth*stu7969 | ||
| 111 | 2 | |a National Conference with international Participation |d (May 15-18 2006 : |c Svratka, Czech Republic) | |
| 245 | |a Engineering Mechanics 2006 | ||
| 260 | |a Prague : |b Institute of Theoretical and Applied Mechanics Academy of Sciences of the Czech Republic, |c 2006 | ||
| 300 | |a 452 s., 1 CD-ROM | ||
| 500 | |a The complete set consists of two parts: Book of extended abstracts, CD Rom(full text of papers and extended abstracts) | ||
| 650 | 7 | |a mechanika |2 stusub | |
| 996 | |b 284M073107 |c M*Z-2819 |l MMKN |s A |a 24 |w stu118898_0001 | ||
| 996 | |b 284M073108 |c M*Z-2800 |l MMKN |s A |a 24 |w stu118898_0002 | ||
| 996 | |b 284M073109 |c M*Z-2799 |l MMKN |s A |a 24 |w stu118898_0003 | ||
| 996 | |b 284M073110 |c M*Z-2798 |l MMKN |s A |a 24 |w stu118898_0004 | ||
| 996 | |b 284M073111 |c M*CD-821 |l MMKN |s A |a 24 |w stu118898_0005 | ||
| 996 | |b 284M073112 |c M*CD-822 |l MMKN |s A |a 24 |w stu118898_0006 | ||
| 996 | |b 284M073114 |c M*CD-823 |l MMKN |s A |a 24 |w stu118898_0007 | ||
| 996 | |b 284M073113 |c M*CD-824 |l MMKN |s A |a 24 |w stu118898_0008 | ||